| 000 | 00615nam a2200181 a 4500 | ||
|---|---|---|---|
| 008 | 120228s2011 ||||||||||||||||| || u | ||
| 020 | _a9780340983546 | ||
| 050 | _aRG 123 Gyn | ||
| 100 | _aDobbs, Stephen | ||
| 245 | 1 | 0 |
_aGynaecology: by ten teachers. -- 19th ed. _cedited by Ash Monga and Stephen Dobbs |
| 250 | _a19th ed. | ||
| 260 |
_aLondon: _bHodder Arnold _c2011 |
||
| 300 | _a[x], 206p.: ill. | ||
| 350 | _a0.00 | ||
| 650 | _aGYNECOLOGY | ||
| 700 | _aMonga, Ash | ||
| 995 |
_FCBU-MAIN LIBRARY (Kitwe) _I0.00 _M1 _UAVAILABLE _WJun 25, 2012 _ZShort Loan Collection |
||
| 999 |
_c45202 _d45202 |
||